| 000 | 00778nam a22002417a 4500 | ||
|---|---|---|---|
| 999 |
_c33756 _d33756 |
||
| 001 | 3044 | ||
| 003 | CO-MdFUSB | ||
| 005 | 20180622073129.0 | ||
| 008 | 180427t2000 ag ||||| |||| 00| 0 spa d | ||
| 020 | _a950-683-088-6 | ||
| 040 |
_aCO-MdFUSB _bspa _cCO-MdFUSB _dCO-MdFUSBC _erda |
||
| 041 | 0 | _aspa | |
| 082 | 0 | 4 | _aG 228 A872n |
| 100 | 1 |
_aAtiencia, Jorge _eautor |
|
| 245 | 1 | 0 |
_aNo tengan miedo _b: Jesucristo tiene la última palabra. Reflexiones a partir del apocalipsis _c/ Jorge Atiencia, Ziel Machado |
| 264 | 4 |
_aBuenos Aires, Argentina : _b Certeza, _c©2000 |
|
| 300 | _a132 Pag | ||
| 336 |
_2rdacontent _atexto _btxt |
||
| 337 |
_2rdamedia _asin mediación _bn |
||
| 338 |
_2rdacarrier _avolumen _bnc |
||
| 653 | _aBiblia N.T. - Apocalipsis - Comentarios | ||
| 942 | _cBK | ||